000 00463nam a2200157Ia 4500
003 GCL
008 140319s9999 xx 000 0 ara d
040 _aGCL /
_cGCL
082 0 4 _aط
_b823.02
_bى ب
100 1 _aيعقوب الشارونى
245 1 0 _aبيتربان البطل الطائر /
_cيعقوب الشارونى
490 _aالمكتبة الموسيقية
_v0
650 0 4 _aالاطفال
650 0 4 _aقصص الاطفال
942 _2ddc
_cBK
999 _c46318
_d46318